Construction companion to extensions of time (Record no. 101815)

MARC details
000 -LEADER
fixed length control field 00994cam a2200265 4500
001 - CONTROL NUMBER
control field
008 - FIXED-LENGTH DATA ELEMENTS--GENERAL INFORMATION
fixed length control field 011218n2002 000 0 eng u
020 ## - INTERNATIONAL STANDARD BOOK NUMBER
International Standard Book Number 1859460992
035 ## - SYSTEM CONTROL NUMBER
System control number (Sirsi) u116048
041 ## - LANGUAGE CODE
Language code of text/sound track or separate title eng.
050 ## - LIBRARY OF CONGRESS CALL NUMBER
Classification number 692.8
100 ## - MAIN ENTRY--PERSONAL NAME
Personal name Birkby, G.
245 ## - TITLE STATEMENT
Title Construction companion to extensions of time
260 ## - PUBLICATION, DISTRIBUTION, ETC.
Place of publication, distribution, etc. London
Name of publisher, distributor, etc. RIBA Publications
Date of publication, distribution, etc. 2002
300 ## - PHYSICAL DESCRIPTION
Extent ix,83p.
Dimensions 24cm.
350 ## - PRICE (NR) (BK AM CF MU VM SE) [OBSOLETE]
Price 20
490 ## - SERIES STATEMENT
Series statement RIBA Construction Companion Series
520 ## - SUMMARY, ETC.
Summary, etc. A practical reference tool for all architects and other professionals charged with assessing extensions of time. Includes chapters on liquidated damages, terms under standard contracts, notification of delay, supply of information, assessment, concurrent delays, ethical issues and the use of computers.
650 ## - SUBJECT ADDED ENTRY--TOPICAL TERM
Topical term or geographic name entry element EXTENSIONS OF TIME
650 ## - SUBJECT ADDED ENTRY--TOPICAL TERM
Topical term or geographic name entry element LIQUIDATED DAMAGES
690 ## - LOCAL SUBJECT ADDED ENTRY--TOPICAL TERM (OCLC, RLIN)
Topical term or geographic name as entry element BUILT ENVIRONMENT-BUILDING CONTRACT FORMS
700 ## - ADDED ENTRY--PERSONAL NAME
Personal name Brough, P.
700 ## - ADDED ENTRY--PERSONAL NAME
Personal name Chappell, D.
International Standard Serial Number Editor
942 ## - ADDED ENTRY ELEMENTS (KOHA)
Suppress in OPAC 0
Holdings
Withdrawn status Lost status Source of classification or shelving scheme Damaged status Not for loan Home library Current library Shelving location Date acquired Cost, normal purchase price Total Checkouts Full call number Barcode Date last seen Date last checked out Copy number Cost, replacement price Price effective from Koha item type
    Dewey Decimal Classification     London London Books 28/06/2002 17.00 43 692.8 BIR 30066005 06/08/2019 02/12/2009 1 17.00 06/08/2019 Book